00604cam a2200217u 450000100060000000300080000600500170001400800390003103500190007004000330008904100080012208200200013010000320015024500560018225000090023826000280024730000260027565000300030183000320033183000230036329849BD-RjUL20211209051454.0140407s1946 enk 000 0 eng a(BD-RjUL)29934 aDLCcCarPdDLCdBD-RjULbeng aeng a136.4bFYI 19461 aFyfe, Hamilton,d1869-1951.14aThe illusion of national character /cHamilton Fyfe aRev. aLondon :bWatts,c1946. avii, 157 p. ;c18 cm. 0aNational characteristics. 0vno. 116. [from old catalog] 0aThinker's library,